Campā (Record no. 82997)

MARC details
000 -LEADER
fixed length control field 00522cam a22002171 4500
001 - CONTROL NUMBER
control field sa 68009573
003 - CONTROL NUMBER IDENTIFIER
control field DLC
005 - DATE AND TIME OF LATEST TRANSACTION
control field 20260227112544.0
008 - FIXED-LENGTH DATA ELEMENTS--GENERAL INFORMATION
fixed length control field 940803q19671968np 000 1 nepo
010 ## - LIBRARY OF CONGRESS CONTROL NUMBER
LC control number sa 68009573
025 ## - OVERSEAS ACQUISITION NUMBER
Overseas acquisition number PL480:N-571
035 ## - SYSTEM CONTROL NUMBER
System control number (OCoLC)30877944
040 ## - CATALOGING SOURCE
Original cataloging agency DLC
Transcribing agency CU
Modifying agency CU
-- DLC
042 ## - AUTHENTICATION CODE
Authentication code premarc
050 00 - LIBRARY OF CONGRESS CALL NUMBER
Classification number PK2598.D37
Item number C3 1967
100 1# - MAIN ENTRY--PERSONAL NAME
Personal name Devkota, Laxmi Prasad,
Dates associated with a name 1908-1959.
245 10 - TITLE STATEMENT
Title Campā
260 ## - PUBLICATION, DISTRIBUTION, ETC.
Date of publication, distribution, etc. [1967 or 8]
300 ## - PHYSICAL DESCRIPTION
Extent 2, 78 p.
Dimensions 18 cm.
500 ## - GENERAL NOTE
General note In Nepali.

No items available.

Powered by Koha